Digital Fundamentals \ (Record no. 586090)

000 -LEADER
fixed length control field 00426nam a22001697a 4500
003 - CONTROL NUMBER IDENTIFIER
control field NUST
020 ## - INTERNATIONAL STANDARD BOOK NUMBER
International Standard Book Number 9789673498116
038 ## - RECORD CONTENT LICENSOR
Staff Name Asim ZUbair
082 ## - DEWEY DECIMAL CLASSIFICATION NUMBER
Classification number 621.381
Author Mark FLO
100 ## - MAIN ENTRY--PERSONAL NAME
Personal name Floyd, Thomas L.
9 (RLIN) 10192
245 ## - TITLE STATEMENT
Title Digital Fundamentals \
Statement of responsibility, etc. Thomas L. Floyd
250 ## - EDITION STATEMENT
Edition statement 11th Ed.
260 ## - PUBLICATION, DISTRIBUTION, ETC.
Place of publication, distribution, etc. Malaysia,
Name of publisher, distributor, etc. Pearson,
Date of publication, distribution, etc. 2020.
300 ## - PHYSICAL DESCRIPTION
Extent xviii, 838 p. ;
Other physical details Paperback
Dimensions 28 cm.
563 ## - BINDING INFORMATION
Binding note Paperback
942 ## - ADDED ENTRY ELEMENTS (KOHA)
Source of classification or shelving scheme
Koha item type Book
Holdings
Withdrawn status Lost status Source of classification or shelving scheme Damaged status Not for loan Permanent Location Current Location Shelving location Date acquired Total Checkouts Full call number Barcode Date last seen Price effective from Koha item type
          School of Mechanical & Manufacturing Engineering (SMME) School of Mechanical & Manufacturing Engineering (SMME) General Stacks 08/04/2021   621.381 FLO SMME-3609 08/04/2021 08/04/2021 Book
© 2023 Central Library, National University of Sciences and Technology. All Rights Reserved.